• 首页
  • 本馆介绍
  • 公告通知
  • 最新文献
  • 馆藏检索
  • 电子资源
  • 读者导购
  • 参考咨询
  • 我的图书馆
  • 登录
  • 详细信息显示
  • 放入我的书架
  • 预约/预借图书
  • 作者相关作品
  • 分类相关作品
  • 丛书相关作品
  • 出版社相关作品

书目信息

  • 表格格式
  • 工作单格式
  • 卡片格式
题名:
十二大以来重要文献选编
    
 
作者: ;中共中央文献研究室 编
分册: 上  
出版信息: 北京   人民出版社  1986
页数: 506页
开本: 20cm
丛书名:
单 册:
中图分类: D601
科图分类:
主题词: 政治--方针政策--中国
电子资源:
ISBN:
000 00705nam0 2200229 45
001 0186019844
005 20050623154616.0
010    @dCNY5.00@b精装
091    @a3001.2175
100    @a19900802d1986 em y0chiy0121 ea
101 0  @achi
102    @aCN@b110000
105    @ay z 000yy
200 10 @a十二大以来重要文献选编@Ashi er da yi lai zhong yao wen xian xuan bian@h上@f中共中央文献研究室编@FZhong Gong Zhong Yang Wen Xian Yan Jiu Shi Bian
210    @a北京@c人民出版社@d1986
215    @a506页@d20cm
606 0  @a政治@x方针政策@x中国
690    @aD601@v3
711 02 @a中共中央文献研究室@4编
801  0 @aCN@b深圳图书馆@c20040421
801  2 @aCN@bNLC@c20040421
905    @dD601@e18:1@f1@b205339
    
    十二大以来重要文献选编.上/中共中央文献研究室编.-北京:人民出版社,1986
    506页;20cm
    
    
    ISBN (精装):CNY5.00
    
●
相关链接 在E读中查询图书 在五车中查询图书 在当当中查询图书 在豆瓣中查询图书


正题名:十二大以来重要文献选编     索取号:D601/18:1         预约/预借

序号 登录号 条形码 馆藏地/架位号 状态 备注
1 0205338   000484185   密集书库/ [索取号:D601/18:1] 在馆    
2 0205339   002051549   第一样本阅览室/ [索取号:D601/18:1] 在馆    
唐山师范学院图书馆 欢迎您!
大连网信软件有限公司© 版权所有